000 01015nam a22003017a 4500
001 7423
003 FISKH
005 20250714160135.0
008 250714b cb ||||| |||| 00| 0 eng d
020 _a0394825918
040 _aFISKH
_beng
_cFISKH
_dFISKH
050 _aPZ7.P2197 A
082 _a813.54
100 _aPark, Barbara
245 _aAlmost starring skinnybones /
_cBy Barbara Park
250 _aFirst Bullseye Books edition : 1989
260 _aNew York :
_bRandom House ,
_c1988.
300 _a108 pages :
_billustrations ;
_c20 cm .
505 _aO
520 _aIrrepressible, twelve-year-old Alex is convinced that he will be a star and impress his schoolmates when, as the winner of a cat food essay contest, he is asked to make a commercial for national television.
521 8 _a620
_bLexile
521 8 _aO
_bRaz-Plus
650 _aHumor
_vFiction
650 _aTelevision
_vFiction
700 _aWarren, Jim
_eIllustrator
942 _2ddc
_cBK
_n0
999 _c7423
_d7423